Statistics for Lord of the Rings in 99 Seconds lyrics

Click here to take the quiz!

General Stats

  • This quiz has been taken 189 times
    (182 since last reset)
  • The average score is 87 of 222

Answer Stats

Lyrics% Correct
r
94%
The
91%
the
91%
a
88%
ring
88%
in
86%
of
77%
on
74%
frodo
71%
lord
71%
rings
71%
to
68%
gandalf
63%
sam
62%
and
60%
aragorn
58%
is
58%
boromir
53%
pip
52%
merry
51%
legolas
50%
gimli
47%
king
47%
elves
46%
gollum
45%
men
45%
mordor
45%
fellowship
42%
hobbits
42%
sauron
41%
you
40%
for
39%
dwarves
37%
j
37%
no
37%
one
35%
tolkien
33%
from
32%
pippin
32%
elf
31%
nine
31%
with
31%
are
30%
evil
30%
bring
29%
great
29%
tale
29%
white
29%
your
29%
bilbo
28%
it
28%
that
28%
at
27%
ever
27%
fights
27%
greatest
27%
kings
27%
not
27%
off
27%
theoden
27%
must
26%
orcs
26%
pass
26%
queens
26%
shall
26%
told
26%
epicness
25%
war
25%
gone
24%
like
24%
ringwraiths
24%
his
23%
my
23%
broken
22%
elrond
22%
frodos
22%
potatoes
22%
sams
22%
thanks
22%
coming
21%
earth
21%
forms
20%
middle
20%
Uruk-hai
20%
back
19%
has
19%
trees
19%
group
18%
hes
18%
its
18%
leads
18%
torn
18%
aging
17%
backwards
17%
beheaded
17%
benjamin
17%
button
17%
by
17%
deep
17%
destroy
17%
galadriel
17%
jerk
17%
precious
17%
wage
17%
helms
16%
hug
16%
big
15%
boromirs
15%
boss
15%
gandalfs
15%
shield
15%
attacking
14%
defend
14%
embedded
14%
now
14%
surfs
14%
sword
14%
battle
12%
been
12%
good
12%
power
12%
screens
12%
Uruk-hais
12%
mine
11%
spider
11%
comes
10%
count
9%
denethor
9%
ghosts
9%
hand
9%
kills
9%
last
9%
reforged
9%
saved
9%
skills
9%
slay
9%
throne
9%
sits
8%
smallest
8%
things
8%
uses
7%
while
7%
vs
6%
sauroman
5%
shelob
5%
legions
4%
sauromans
4%
smeagle
2%
eye
1%
wormtongue
1%
yay
1%

Score Distribution

Percentile by Number Answered

Percent of People with Each Score

Your Score History

You have not taken this quiz since the last reset